Responses for Show #8078 - Wednesday, October 23, 2019

Contestants

[<< previous game]

Nick Rodriguez, a database administrator and composer from Farmingdale, New York

Allyson Samiljan, a communications and special events director from Wellington, Florida

Martha Bordogna, an attorney from Indian Trail, North Carolina (whose 1-day cash winnings total $16,400)

[next game >>]

Jeopardy! Round responses

NATIONAL GEOGRAPHIC WOMEN
GOVERNMENT ABCs
SPORTS ALL IN THE FAMILY
E BEFORE I
I BLESS THE RAINS
DOWN IN AFRICA
    $200 9
(Allyson: What is... [*]?)
(Alex: Yes! And you got it in just in the nick of time. Good for you.)

synchronized swimming

Allyson
    $200 25
Centers for Disease Control

Nick
    $200 16
Eli Manning

Nick
    $200 18
your neighbor

Nick
    $200 5
a rainbow

Triple Stumper
    $200 30
Nairobi

Martha
    $400 10
the Māori

Martha
    $400 11
the Department of Labor

Nick
    $400 15
Sörenstam

Allyson
    $400 12
feign

Nick
    $400 6
the Aztec

Martha
    $400 26
the giraffe

Allyson
    $600 19
King Kong

Martha
    $600 1
an executive order

Nick
    $600 22
(Nick: Who is Tatyana Ali?)
(Martha: Who is Maya Ali?)

Laila Ali

MarthaNick
Triple Stumper
    $600 3
an heirloom

Nick
    $600 13
Weezer

Martha
    $600 27
Algeria

Martha
    $800 20
the Mekong

Allyson
    $800 4
the Securities and Exchange Commission

Allyson
    $800 23
the Andrettis

Allyson
    $800 2
casein

Nick
    $800 14
the Amazon (rainforest)

Martha
    $800 28
(Martha: What is Côte d'Ivoire?)

Cameroon

Martha
Triple Stumper
    $1000 21
(Alex: The Nat Geo Women Image Collection book is available now. A lot of good stuff in it.)

Maya Lin

Allyson
    $1000 7
the Bureau of Land Management

Nick
    $1000 24
(Alex: A minute to go now.)

the Millers

Triple Stumper
    $1000 8
the Pleiades

Allyson
    $1000 17
the monsoons

Allyson
    $1000 29
the Kalahari

Allyson

Scores at the first commercial break (after clue 15):

Martha Allyson Nick
$2,200 $2,400 $3,800

Scores at the end of the Jeopardy! Round:

Martha Allyson Nick
$2,200 $7,400 $3,800

Double Jeopardy! Round responses

THE MARCH ON WASHINGTON
INTERNATIONAL BUSINESS
ODD WORDS
A POETIC GEOGRAPHY LESSON
BOTANISTS
TV SHOW "ME"
(Alex: "M-E" comin' up in each correct response.)
    $400 30
the Emancipation Proclamation

Nick
    $400 8
KLM

Allyson
    $400 25
I & J

Nick
    $400 29
Kilimanjaro

Nick
    $400 27
a potato

Allyson
    $400 24
Sesame Street

Martha
    $800 22
(Martha: What is the Voting Rights Act?)

the Civil Rights Act

Martha
Triple Stumper
    $800 9
Nestlé

Allyson
    $800 11
a horse

Nick
    $800 17
the Highlands

Martha
    $800 13
George Washington Carver

Martha
    $800 14
Boy Meets World

Nick
    $1200 18
Bob Dylan

Nick
    $2,500 7
Yamaha

Allyson
    $1200 4
an olive

Nick
    $1200 15
(Martha: What is Michigan?)

Lake Superior

Martha
Triple Stumper
    $1200 23
(Gregor) Mendel

Martha
    $1200 1
(Nick: What is The Mentalist?)

Medium

MarthaNick
    $2,000 19
(Nick: Hmm. I don't know.)

Let freedom ring

Nick
    $1600 6
Harrods

Allyson
    $1600 5
zomboid

Triple Stumper
    $1600 16
Byron

Allyson
    $1600 20
wheat

Martha
    $1600 2
God Friended Me

Martha
    $2000 21
Josephine Baker

Triple Stumper
    $2000 10
Pemex

Triple Stumper
    $2000 12
a gnomon

Nick
    $2000 26
Chattanooga

Martha
    $2000 28
(Rudolph) Boysen

Nick
    $2000 3
Just Shoot Me!

Nick

Scores at the end of the Double Jeopardy! Round:

Martha Allyson Nick
$9,800 $14,700 $11,800

[wagering suggestions for these scores]

Final Jeopardy! Round responses

1930s NOVEL CHARACTERS
(Alex: [To Allyson] She was unable to come up with [*]; [*] and Nora Charles. All right, it's The Thin Man series.)
MarthaWho is Dick Tracy?
$7,000
NickWho is Sam Spade
$7,801
AllysonWho is ?
$5,200
Nick Charles

Final scores:

Martha Allyson Nick
$2,800 $9,500 $3,999
3rd place: $1,000 New champion: $9,500 2nd place: $2,000

Game dynamics:

Coryat scores:

Martha Allyson Nick
$9,800 $13,400 $13,800
15 R
(including 1 DD),
4 W
16 R
(including 1 DD),
0 W
19 R,
3 W
(including 1 DD)

Combined Coryat: $37,000

[game clues] [game scores] [suggest correction]

Game tape date: 2019-08-26
The J! Archive is created by fans, for fans. Scraping, republication, monetization, and malicious use prohibited; this site may use cookies and collect identifying information. See terms. The Jeopardy! game show and all elements thereof, including but not limited to copyright and trademark thereto, are the property of Jeopardy Productions, Inc. and are protected under law. This website is not affiliated with, sponsored by, or operated by Jeopardy Productions, Inc. Join the discussion at JBoard.tv.